Thinking in C++

Introduction to objects, inheritance, composition, polymorphism, exception handling, analysis and design fundamentals, advantages of C++, transitioning from C, compiling and building programs, writing C++ functions, flow control, C++ operators, data types, casting, debugging tips, pointers to functi...

Volledige beschrijving

Bewaard in:
Bibliografische gegevens
Hoofdauteur: Eckel, Bruce
Formaat: Boek
Taal:Undetermined
Gepubliceerd in: Upper Saddle River, N.J. Prentice Hall 2000
Onderwerpen:
Tags: Voeg label toe
Geen labels, Wees de eerste die dit record labelt!
Thư viện lưu trữ: Trung tâm Học liệu Trường Đại học Cần Thơ
LEADER 01229nam a2200205Ia 4500
001 CTU_144212
008 210402s9999 xx 000 0 und d
020 |c 37.8 
082 |a 005.133 
082 |b E19 
100 |a Eckel, Bruce 
245 0 |a Thinking in C++ 
245 0 |c Bruce Eckel 
260 |a Upper Saddle River, N.J. 
260 |b Prentice Hall 
260 |c 2000 
520 |a Introduction to objects, inheritance, composition, polymorphism, exception handling, analysis and design fundamentals, advantages of C++, transitioning from C, compiling and building programs, writing C++ functions, flow control, C++ operators, data types, casting, debugging tips, pointers to functions, designing reusable C++ classes, conditional compilation and header files, access specifiers, constructors and destructors, function overloading and default arguments, using const and static effectively, inlining, namespaces, references, copy constructors, operator overloading, using new and delete for dynamic objects, virtual functions, abstract classes, introduction to templates, and iterators. 
650 |a C++ (Computer program language) 
904 |i Bạch Trúc 
980 |a Trung tâm Học liệu Trường Đại học Cần Thơ